| 000 | 00534nam a22001937a 4500 | ||
|---|---|---|---|
| 999 |
_c6477 _d6477 |
||
| 003 | OSt | ||
| 005 | 20200123135456.0 | ||
| 008 | 200123b ||||| |||| 00| 0 eng d | ||
| 020 | _a1873836767 | ||
| 040 | _c040a | ||
| 082 |
_a016.9 _bMCL 1997 |
||
| 100 | _4Mcilwaine, John | ||
| 245 |
_aMaps and mapping : _ba resource guide / _cJohn Mcilwaine |
||
| 260 |
_aLondon _bHans Zell Publishers _c1997 |
||
| 300 |
_axxviii,391p; _c15 cm. |
||
| 504 | _aIncludes bibliographical references and index | ||
| 650 | _2Maps | ||
| 942 |
_2ddc _cO_SHELF |
||